La voz.
Gespeichert in:
| 1. Verfasser: | |
|---|---|
| Weitere Verfasser: | |
| Format: | Buch |
| Sprache: | Spanisch |
| Veröffentlicht: |
Ciudad de México, México:
Fondo de Cultura Económica,
1985.
|
| Ausgabe: | Primera edición en español. |
| Schriftenreihe: | Breviarios ;
|
| Schlagworte: | |
| Tags: |
Tag hinzufügen
Keine Tags, Fügen Sie den ersten Tag hinzu!
|
MARC
| LEADER | 00000nam a2200000 a 4500 | ||
|---|---|---|---|
| 001 | UCX2233 | ||
| 003 | CL-VaPUC | ||
| 005 | 20250321101904.0 | ||
| 008 | 910408e19850000MX |||||||||||||||||spa|d | ||
| 999 | |c 223303 |d 223301 | ||
| 020 | |a 84-375-0447-3 | ||
| 020 | |a 9788437504476 | ||
| 040 | |c Pontificia Universidad Católica de Valparaíso | ||
| 082 | 0 | 4 | |a 612.78 COR 1985 |2 21 |
| 100 | |a Cornut, Guy |e autor |9 318101 | ||
| 245 | 1 | 3 | |a La voz. |
| 250 | |a Primera edición en español. | ||
| 260 | |a Ciudad de México, México: |b Fondo de Cultura Económica, |c 1985. | ||
| 300 | |a 157 páginas. | ||
| 490 | 0 | |a Breviarios ; |n 407. | |
| 500 | |a c.2. Instituto Arcos 8-1-2025. | ||
| 583 | |a last modification |c 19910408 00:00:00 |k Rodrigo Vera | ||
| 650 | 0 | |a Voz |9 318102 | |
| 650 | 0 | |a Trastornos de la voz |9 638283 | |
| 700 | |a Garst, Antonio |e traducción |9 895970 | ||
| 942 | |c BK |2 ddc |n 0 | ||
| 945 | |d 19910408 00:00:00 | ||
| 952 | |0 0 |1 0 |4 0 |6 612_780000000000000_COR_1985 |7 0 |8 A |9 218937 |a BIBEDU |b BIBEDU |d 2019-11-15 |i 2877325 |o 612.78 COR 1985 |p 2877325 |r 2019-11-15 |w 2019-11-15 |y BK |k LIT | ||
| 952 | |0 0 |1 0 |2 ddc |4 0 |6 612_780000000000000_COR_1985 |7 0 |8 A |9 600062 |a BIBINC |b BIBINC |d 2025-01-28 |e Instituto Arcos |i 5664983 |o 612.78 COR 1985 |p 5664983 |r 2025-01-28 |t 2 |w 2025-01-28 |y BK |k IFP | ||